000 00729cab a2200253 4500
001 WB3125-18
008 090401t1995 xxu||||| |||| 00| 0 eng d
035 _a(Sirsi) u15182
041 _aeng
245 _aBarclays prepares next PICS
260 _c1995
350 _a0
490 _aProperty Week
_v51(13) 29 June 1995, 13
490 _aTimes
_v1 July 1995, 23(1)
520 _aBarclays Bank is expected to launch another issue of property income certificates.
650 _aBARCLAYS BANK
650 _aPROPERTY FINANCE
650 _aPROPERTY INCOME CERTIFICATES
650 _aUNITISATION
650 _aUNITISING ASSETS
690 _aPROPERTY-PROPERTY FINANCE AND INVESTMENT
942 _n0
948 _c04/03/1997
999 _c9928
_d9928